Introducción a Homero / (Record no. 184438)

MARC details
000 -LEADER
campo de control de longitud fija 01039nam a2200289 i 4500
001 - NÚMERO DE CONTROL
campo de control 184438
003 - IDENTIFICADOR DE NÚMERO DE CONTROL
campo de control ES-MaACL
005 - FECHA Y HORA DE LA ÚLTIMA TRANSACCIÓN
campo de control 20250817120125.0
008 - DATOS DE LONGITUD FIJA--INFORMACIÓN GENERAL
campo de control de longitud fija 150826s1984 sp f |||| | spa d
020 ## - NÚMERO INTERNACIONAL ESTÁNDAR DEL LIBRO
Número Internacional Estándar del Libro 84-335-0200-X
080 ## - NÚMERO DE LA CLASIFICACIÓN DECIMAL UNIVERSAL
Número de la Clasificación Decimal Universal 821.14 Homero 1.07
245 00 - MENCIÓN DEL TÍTULO
Título Introducción a Homero /
Mención de responsabilidad, etc. R. Adrados, Fernández-Galiano, Luis Gil, Lasso de la Vega ; editada por Luis Gil.
250 ## - MENCION DE EDICION
Mención de edición 1ª ed.
260 ## - PUBLICACIÓN, DISTRIBUCIÓN, ETC.
Lugar de publicación, distribución, etc. Barcelona :
Nombre del editor, distribuidor, etc. Labor,
Fecha de publicación, distribución, etc. 1984.
300 ## - DESCRIPCIÓN FÍSICA
Extensión 2 v. (316 p.; 558 p., [32] p. de lám.) ;
Dimensiones 18 cm.
490 1# - MENCIÓN DE SERIE
Mención de serie Punto omega ;
Designación de volumen o secuencia 282, 283
500 ## - NOTA GENERAL
Nota general Índices: v. 2.
599 ## - NOTA A LAS ILUSTRACIONES
NOTA A LAS ILUSTRACIONES Lám.: v. 2.
600 07 - PUNTO DE ACCESO ADICIONAL DE MATERIA--NOMBRE DE PERSONA
Nombre de persona Homero-
Subdivisión general Crítica e interpretación.
9 (RLIN) 142553
700 1# - ENTRADA AGREGADA--NOMBRE PERSONAL
Nombre de persona Rodríguez Adrados, Francisco,
Fechas asociadas al nombre 1922-2020
9 (RLIN) 98318
700 1# - ENTRADA AGREGADA--NOMBRE PERSONAL
Nombre de persona Fernández-Galiano, Manuel (
Fechas asociadas al nombre 1918-1988)
9 (RLIN) 150962
700 1# - ENTRADA AGREGADA--NOMBRE PERSONAL
Nombre de persona Gil Fernández, Luis.
9 (RLIN) 56817
700 1# - ENTRADA AGREGADA--NOMBRE PERSONAL
Nombre de persona Lasso de la Vega, José S.
9 (RLIN) 70475
830 0# - PUNTO DE ACCESO ADICIONAL DE SERIE-TÍTULO UNIFORME
Título uniforme Punto omega ;
Designación de volumen o secuencia 282, 283
9 (RLIN) 180707
852 ## - LOCALIZACIÓN
Ubicación ES-MaACL
Número de control de estantería L-30167
Nota libre . - Donat. Miguel A. Velasco
Holdings
Estatus retirado Estado de pérdida Estado de daño No para préstamo Biblioteca de origen Biblioteca actual Ubicación en estantería Fecha de adquisición Fuente de adquisición Total de préstamos Signatura topográfica completa Código de barras Visto por última vez Precio de reemplazo Tipo de ítem Koha
        Biblioteca del Ateneo de Madrid Biblioteca del Ateneo de Madrid Depósito 2 26/08/2015     L-30167 1194086 23/02/2023 23/02/2023 Libro impreso